Rapid urbanization and mega cities (Record no. 116208)

MARC details
000 -LEADER
fixed length control field 01599cad a22003255a 4500
001 - CONTROL NUMBER
control field L160091
008 - FIXED-LENGTH DATA ELEMENTS--GENERAL INFORMATION
fixed length control field 120529s2010 xxk g 000 0 eng d
035 ## - SYSTEM CONTROL NUMBER
System control number (Sirsi) u160091
041 0# - LANGUAGE CODE
Language code of text/sound track or separate title eng
110 ## - MAIN ENTRY--CORPORATE NAME
Corporate name or jurisdiction name as entry element Federation International Des Geometres
111 2# - MAIN ENTRY--MEETING NAME
Meeting name or jurisdiction name as entry element FIG Working Week 2010
Number [OBSOLETE] Sydney, Australia
Location of meeting 11-16 April 2010
245 00 - TITLE STATEMENT
Title Rapid urbanization and mega cities
Remainder of title the need for spatial information management
Medium [electronic resource]
260 ## - PUBLICATION, DISTRIBUTION, ETC.
Place of publication, distribution, etc. Sydney
Name of publisher, distributor, etc. FIG
Date of publication, distribution, etc. 2010
520 ## - SUMMARY, ETC.
Summary, etc. The goal of this research is to investigate the emerging needs, the current trends and the extent of using Spatial Data Infrastructures (SDIs) in selected megacities, but also to identify the emerging possibilities for using new technical tools for the governance of sustainable large urban areas applied by the surveying-mappingdata processing community.
650 24 - SUBJECT ADDED ENTRY--TOPICAL TERM
Topical term or geographic name entry element SPATIAL DATA MANAGEMENT
650 24 - SUBJECT ADDED ENTRY--TOPICAL TERM
Topical term or geographic name entry element DATA COLLECTION
650 24 - SUBJECT ADDED ENTRY--TOPICAL TERM
Topical term or geographic name entry element MEGA-CITIES
650 24 - SUBJECT ADDED ENTRY--TOPICAL TERM
Topical term or geographic name entry element URBANISATION
651 #4 - SUBJECT ADDED ENTRY--GEOGRAPHIC NAME
Geographic name United Kingdom
690 ## - LOCAL SUBJECT ADDED ENTRY--TOPICAL TERM (OCLC, RLIN)
Topical term or geographic name as entry element Geospatial
9 (RLIN) 6243
700 1# - ADDED ENTRY--PERSONAL NAME
Personal name Doytsher, Yerach
700 1# - ADDED ENTRY--PERSONAL NAME
Personal name Kelly, Paul
700 1# - ADDED ENTRY--PERSONAL NAME
Personal name Khouri, Rafic
700 1# - ADDED ENTRY--PERSONAL NAME
Personal name McLaren, Robin
700 1# - ADDED ENTRY--PERSONAL NAME
Personal name Mueller, E.
700 1# - ADDED ENTRY--PERSONAL NAME
Personal name Potsiou, Chryssy
856 40 - ELECTRONIC LOCATION AND ACCESS
Uniform Resource Identifier <a href="https://www.rics.org/Global/Downloads/Rapid_Urbanization_and_Mega_Cities-_The_Need_for_Spatial_Information_Management.pdf">https://www.rics.org/Global/Downloads/Rapid_Urbanization_and_Mega_Cities-_The_Need_for_Spatial_Information_Management.pdf</a>
Public note View the paper free of charge at www.rics.org
856 40 - ELECTRONIC LOCATION AND ACCESS
Uniform Resource Identifier <a href="https://fig.net/resources/proceedings/fig_proceedings/fig2010/ppt/ts01b/ts01b_potsiou_doytsher_et_al_ppt_4709.pdf">https://fig.net/resources/proceedings/fig_proceedings/fig2010/ppt/ts01b/ts01b_potsiou_doytsher_et_al_ppt_4709.pdf</a>
Public note View the presentation free of charge at www.fig.net
942 ## - ADDED ENTRY ELEMENTS (KOHA)
Suppress in OPAC 0
Holdings
Withdrawn status Lost status Source of classification or shelving scheme Damaged status Not for loan Home library Current library Shelving location Date acquired Total Checkouts Full call number Barcode Date last seen Copy number Price effective from Koha item type
    Dewey Decimal Classification     Virtual Virtual Online 22/05/2018   ONLINE PUBLICATION 160091-2001 06/08/2019 1 06/08/2019 Book